00553nam a2200145Ia 4500008004100000020002200041082001600063100004500079245009000124260004800214300001200262942000700274999001900281952010700300191014s9999 xx 000 0 und d a978-981-4374-53-8 a530.11bDAM aThibault Damous, Robert T Jantzen923958 0aProceedings of the Thirteenth Marcel Grossmann Meeting on General Relativity (Part B) aNew JerseybWorld Scientific Company c2012 aLx,1579 cBK c531107d531107 00104070aSNSbSNSd2019-10-15eDonationg0.00l0o530.11DAMpSNS0002884r2022-12-13w2019-10-15yBK